[Event "Bird`s opening Beatdown?"]
[Site "SchemingMind.com"]
[Date "2015.03.25"]
[Round "-"]
[White "Scooter"]
[Black "kenneth m day"]
[Result "0-1"]
[WhiteCountry "USA"]
[BlackCountry "USA"]
[WhiteElo "1713"]
[WhiteRD "44"]
[BlackElo "1792"]
[BlackRD "50"]
[GameID "377233"]

1. f4 d5 2. e3 Nf6 3. b3 c5 4. Bb5+ Nc6 5. Bb2 Bd7 6. Nf3 a6 7. Bxc6 Bxc6 8. Nc3 e6 9. O-O Bd6 10. Ne2 O-O
11. Ne5 Be8 12. Rb1 Nd7 13. Nxd7 Bxd7 14. d4 Rc8 15. dxc5 Bxc5 16. Bd4 Bxd4 17. exd4 Bb5 18. a4 Bxe2 19. Qxe2 Qf6 20. Qe5 Qxe5
21. dxe5 Rxc2 22. Rf2 Rfc8 23. g4 Rc1+ 24. Rxc1 Rxc1+ 25. Kg2 Rc3 26. Rf3 Rxf3 27. Kxf3 Kf8 28. Ke3 Ke7 29. b4 Kd7 30. h4 Kc6
31. f5 b6 32. fxe6 fxe6 33. h5 a5 34. bxa5 bxa5 35. Kd4 Kb6 36. g5 Kc6 37. g6 h6
0-1

[Event "Bird`s opening Beatdown?"]
[Site "SchemingMind.com"]
[Date "2015.03.25"]
[Round "-"]
[White "kenneth m day"]
[Black "Scooter"]
[Result "1-0"]
[WhiteCountry "USA"]
[BlackCountry "USA"]
[WhiteElo "1792"]
[WhiteRD "50"]
[BlackElo "1713"]
[BlackRD "44"]
[GameID "377234"]

1. f4 f5 2. Nf3 d6 3. b3 Nc6 4. Bb2 Nf6 5. e3 e6 6. Nc3 b6 7. Bb5 Bd7 8. Qe2 Qe7 9. Ba6 Nb4 10. Bd3 g6
11. O-O Bg7 12. a3 Nxd3 13. Qxd3 O-O-O 14. Qa6+ Kb8 15. a4 Bc6 16. Nb5 Bxb5 17. axb5 Nd7 18. Qxa7+ Kc8 19. Bxg7 Qxg7 20. Qa8+ Nb8
21. Ra7 Kd7 22. Qb7 Rc8 23. Qxb6 Ke8 24. Qd4 Qf8 25. Rfa1 Nd7 26. Ra8 Ke7 27. Rxc8 Qxc8 28. Qg7+
1-0

[Event "Bird`s opening Beatdown?"]
[Site "SchemingMind.com"]
[Date "2015.03.29"]
[Round "-"]
[White "David Hartley"]
[Black "Scooter"]
[Result "1-0"]
[WhiteCountry "ENG"]
[BlackCountry "USA"]
[WhiteElo "1822"]
[WhiteRD "63"]
[BlackElo "1716"]
[BlackRD "45"]
[GameID "377244"]

1. f4 f5 2. b3 Nc6 3. Bb2 Nf6 4. e3 g6 5. Nf3 Bg7 6. Qc1 b6 7. Be2 Bb7 8. O-O Rg8 9. d4 d5 10. Nc3 Qd7
11. Bb5 O-O-O 12. Ne5 Qe6 13. Nxc6 Bxc6 14. a4 Ne4 15. Nxe4 dxe4 16. Ra3 Bxb5 17. axb5 Kb7 18. Qd2 Qd5 19. c4 Qd6 20. Rfa1 Bf8
21. Rxa7+ Kc8 22. Ra8+ Kd7 23. R8a7 e6 24. R1a6 Qe7 25. Rxb6
1-0

[Event "Bird`s opening Beatdown?"]
[Site "SchemingMind.com"]
[Date "2015.03.29"]
[Round "-"]
[White "Scooter"]
[Black "David Hartley"]
[Result "1-0"]
[WhiteCountry "USA"]
[BlackCountry "ENG"]
[WhiteElo "1726"]
[WhiteRD "46"]
[BlackElo "1795"]
[BlackRD "61"]
[GameID "377245"]

1. f4 f5 2. Nc3 Nf6 3. e3 e6 4. Nf3 Nc6 5. Bb5 Bd6 6. b3 a6 7. Bxc6 dxc6 8. Bb2 O-O 9. Qe2 c5 10. O-O-O b6
11. h3 Bd7 12. Ne5 Be8 13. g4 Nd7 14. Nxd7 Qxd7 15. g5 e5 16. Nd5 exf4 17. Nxf4 Bf7 18. h4 Rae8 19. Qf3 Bxf4 20. Qxf4 Bh5
21. Rdg1 Re6 22. Rf1 a5 23. Qc4 Rf7 24. Rf4 Rd6 25. Rh2 Kh8 26. Rhf2 Rd5 27. a4 Rd6 28. e4 Bg6 29. exf5 Rxf5 30. Rxf5 Bxf5
31. Qc3 Re6 32. Kb1 Re7 33. Qf3 Be6 34. Qa8+ Re8 35. Rf8+ Rxf8 36. Qxf8+ Bg8 37. h5 Qf7 38. Qxf7 Bxf7 39. h6 Kg8 40. Bxg7 c4
41. Kb2 c6 42. Kc3 b5 43. axb5 cxb5 44. bxc4 Bxc4 45. Kd4 Bf7 46. d3 Be8 47. Be5 Kf7 48. Kc5 Kg6 49. Bf6 b4 50. d4 Ba4
51. Kb6 Bxc2 52. Kxa5 b3 53. d5 Kf7 54. Kb6 Ke8 55. Kc7
1-0

[Event "Bird`s opening Beatdown?"]
[Site "SchemingMind.com"]
[Date "2015.03.29"]
[Round "-"]
[White "David Hartley"]
[Black "kenneth m day"]
[Result "1/2-1/2"]
[WhiteCountry "ENG"]
[BlackCountry "USA"]
[WhiteElo "1795"]
[WhiteRD "61"]
[BlackElo "1733"]
[BlackRD "54"]
[GameID "377246"]

1. f4 d5 2. e3 Nf6 3. d3 c5 4. Nf3 Nc6 5. d4 cxd4 6. Nxd4 g6 7. Be2 Bg7 8. O-O Ne4 9. c3 O-O 10. Nd2 f5
11. Nxe4 dxe4 12. Nxc6 bxc6 13. Bd2 Qc7 14. Qc2 a5 15. Rad1 Bb7 16. b3 Rad8 17. c4 e5 18. g3 exf4 19. gxf4 Rf7 20. Bc3 Rfd7
21. Qb2 Bxc3 22. Qxc3 c5 23. Rxd7 Rxd7 24. Rd1 Rxd1+ 25. Bxd1 Qd8= 26. Be2 Kf7 27. Qe5 Qe7 28. Qxe7+=
1/2-1/2

[Event "Bird`s opening Beatdown?"]
[Site "SchemingMind.com"]
[Date "2015.03.29"]
[Round "-"]
[White "kenneth m day"]
[Black "David Hartley"]
[Result "0-1"]
[WhiteCountry "USA"]
[BlackCountry "ENG"]
[WhiteElo "1692"]
[WhiteRD "52"]
[BlackElo "1793"]
[BlackRD "61"]
[GameID "377247"]

1. f4 f5 2. Nf3 Nf6 3. e3 d5 4. b3 e6 5. Bb2 Be7 6. Be2 O-O 7. d3 Nc6 8. Nc3 b6 9. Qd2 Bb7 10. O-O-O a6
11. Ng5 d4 12. exd4 Nxd4 13. Rdg1 h6 14. Nf3 Nxf3 15. Bxf3 Bxf3 16. gxf3 Nh5 17. Ne2 Qd6 18. Be5 Qa3+ 19. Kb1 c6 20. Qc3 Qc5
21. Bxg7 Qxc3 22. Bxf8+ Kxf8 23. Nxc3 Nxf4 24. Rg3 Bf6 25. Rhg1 Kf7 26. Re1 Bxc3 27. Re3 Bd2
0-1

[Event "Bird`s opening Beatdown?"]
[Site "SchemingMind.com"]
[Date "2015.03.29"]
[Round "-"]
[White "renegade"]
[Black "David Hartley"]
[Result "0-1"]
[WhiteCountry "ENG"]
[BlackCountry "ENG"]
[WhiteElo "1887"]
[WhiteRD "71"]
[BlackElo "1773"]
[BlackRD "62"]
[GameID "377415"]

1. f4 d5 2. b3 Nf6 3. Bb2 e6 4. Nf3 Nbd7 5. e3 b6 6. Bb5 Be7 7. Ne5 O-O 8. Nc6 Qe8 9. d3 Bb7 10. Ne5 Qd8
11. Bc6 Rb8 12. Bb5 Nxe5 13. fxe5 Nd7 14. d4 f6 15. exf6 Nxf6 16. Nd2 Bc8 17. Nf3 Bd7 18. Bd3 Qe8 19. Ne5 Bb5 20. Qf3 Bxd3
21. Nxd3 Ne4 22. Qg4 Bg5 23. Nf4 Bxf4 24. exf4 c6 25. Rf1 Qe7 26. O-O-O a5 27. f5 exf5 28. Rxf5 Rxf5 29. Qxf5 Rf8 30. Qe5 Qf7
31. h4 Re8 32. Qh2 Rf8 33. Ba3 Qf4+ 34. Qxf4 Rxf4 35. Be7 b5 36. h5 h6 37. a4 bxa4 38. bxa4 Ng3 39. Bd6 Rg4 40. c3 Ne4
41. Bc7 Rxg2 42. Bxa5 Ra2 43. Bb4 Rxa4 44. Kb2 Ra7 45. Rg1 Rc7 46. Kb3 Nf6 47. Rh1 Kf7 48. c4 Rc8 49. Bd6 Re8 50. Be5 Ng4
51. Rf1+ Kg8 52. Bf4 Rf8 53. cxd5 cxd5 54. Kb4 Rf5 55. Kc5 Nf6 56. Ra1 Rxf4 57. Ra8+ Kh7 58. Ra7 Rf5 59. Kd6 Rxh5 60. Ke6 Ne4
61. Rd7 Nf6 62. Ra7 Rg5 63. Ra1 h5 64. Rh1 Rg4 65. Rd1 Kg6 66. Ke5 Re4+ 67. Kd6 h4 68. Kc5 Kh5 69. Rg1 Rg4 70. Re1 h3
0-1

[Event "Bird`s opening Beatdown?"]
[Site "SchemingMind.com"]
[Date "2015.03.29"]
[Round "-"]
[White "David Hartley"]
[Black "renegade"]
[Result "0-1"]
[WhiteCountry "ENG"]
[BlackCountry "ENG"]
[WhiteElo "1793"]
[WhiteRD "61"]
[BlackElo "1924"]
[BlackRD "73"]
[GameID "377416"]

1. f4 b6 2. e3 Bb7 3. Nf3 e6 4. Be2 Nf6 5. b3 c5 6. Bb2 Be7 7. O-O O-O 8. d4 d6 9. Nbd2 Nc6 10. dxc5 bxc5
11. Rb1 Qa5 12. a3 Nd5 13. Nc4 Qd8 14. Qd2 Ba6 15. Rbd1 f5 16. Ra1 Nb6 17. Nxb6 Bxe2 18. Qxe2 axb6 19. Rfd1 d5 20. c4 Bf6
21. Rd3 Nb4 22. Rd2 Bxb2 23. Rxb2 dxc4 24. Qxc4 Nd5 25. Rd2 Qf6 26. Qc1 Nxe3 27. Rd6 Nd5 28. Ng5 Nxf4 29. Kh1 Qxg5 30. g3 Nh3
31. Qf1 Qe7 32. Rad1 Qb7+
0-1

[Event "Bird`s opening Beatdown?"]
[Site "SchemingMind.com"]
[Date "2015.03.29"]
[Round "-"]
[White "renegade"]
[Black "Scooter"]
[Result "0-1"]
[WhiteCountry "ENG"]
[BlackCountry "USA"]
[WhiteElo "1896"]
[WhiteRD "80"]
[BlackElo "1713"]
[BlackRD "44"]
[GameID "377417"]

1. f4 f5 2. b3 Nc6 3. Bb2 Nf6 4. Nf3 b6 5. e3 Bb7 6. Bd3 g6 7. Qe2 Bg7 8. Na3 Nb4 9. Bc4 d5 10. Bb5+ Bc6
11. c3 a6 12. cxb4 Bxb5 13. Nxb5 axb5 14. Qxb5+ Qd7 15. Qxd7+ Kxd7 16. Ne5+ Ke8 17. d4 Ne4 18. Ke2 Bxe5 19. dxe5 e6 20. a4 Kf7
21. Rhc1 c5 22. bxc5 bxc5 23. b4 c4 24. Bd4 Rhb8 25. b5 Ke7 26. b6 Kd7 27. a5 Kc6 28. a6 Rxb6 29. Bxb6 Kxb6 30. Rcb1+ Kc5
31. a7 Nc3+ 32. Kd2 Nxb1+ 33. Kc2 d4 34. exd4+ Kxd4 35. Kxb1 Ke4 36. g3 g5 37. fxg5 Kxe5 38. Kc2 Ke4 39. Ra4 Kf3 40. h4 Kxg3
41. h5 f4 42. g6 hxg6 43. hxg6 f3 44. g7 f2 45. Ra1 Kg2 46. Kc3 f1=Q 47. Rxf1 Kxf1 48. Kxc4 Kf2 49. Kb5 Ke3 50. Kb6 Rg8
51. Kc6 e5 52. Kd5 e4 53. Ke6 Ra8
0-1

[Event "Bird`s opening Beatdown?"]
[Site "SchemingMind.com"]
[Date "2015.03.28"]
[Round "-"]
[White "Scooter"]
[Black "renegade"]
[Result "0-1"]
[WhiteCountry "USA"]
[BlackCountry "ENG"]
[WhiteElo "1713"]
[WhiteRD "44"]
[BlackElo "1896"]
[BlackRD "80"]
[GameID "377418"]

1. f4 b6 2. e4 Bb7 3. Nc3 c5 4. Bc4 e6 5. Nf3 g6 6. d3 Bg7 7. Bd2 Nf6 8. Qe2 O-O 9. e5 Nd5 10. O-O-O d6
11. exd6 Qxd6 12. Bxd5 exd5 13. Nb5 Qd7 14. Nc3 Re8 15. Qf2 Nc6 16. Rhe1 d4 17. Rxe8+ Rxe8 18. Ne4 a5 19. Re1 Nb4 20. Bxb4 axb4
21. g3 Qa4 22. Kb1 Ra8 23. Nd6 Bd5 24. Re8+ Rxe8 25. Nxe8 Qxe8
0-1

[Event "Bird`s opening Beatdown?"]
[Site "SchemingMind.com"]
[Date "2015.03.30"]
[Round "-"]
[White "renegade"]
[Black "kenneth m day"]
[Result "1-0"]
[WhiteCountry "ENG"]
[BlackCountry "USA"]
[WhiteElo "1924"]
[WhiteRD "73"]
[BlackElo "1692"]
[BlackRD "52"]
[GameID "377419"]

1. f4 e5 2. fxe5 d6 3. exd6 Bxd6 4. Nf3 g5 5. g3 Bg4 6. Bg2 Nc6 7. d3 h6 8. e4 Qe7 9. O-O O-O-O 10. Be3 Nf6
11. c3 Ne5 12. Qc2 Qe6 13. Nd4 Qe7 14. h3 Bh5 15. g4 Bg6 16. Nf5 Bxf5 17. Rxf5 h5 18. d4 Nexg4 19. hxg4 Bf4 20. Bxf4 gxf4
21. gxh5 Nxh5 22. Na3 Rdg8 23. Qf2 Qxe4 24. Rxf7 Qg6 25. Re7 Qg5 26. Rae1 Ng3 27. R1e5 Qh4 28. Qf3 Qh2+ 29. Kf2 Nh1+ 30. Kf1 Ng3+
31. Ke1 Qg1+ 32. Kd2 Rh2 33. Qxb7+
1-0

[Event "Bird`s opening Beatdown?"]
[Site "SchemingMind.com"]
[Date "2015.03.31"]
[Round "-"]
[White "kenneth m day"]
[Black "renegade"]
[Result "1/2-1/2"]
[WhiteCountry "USA"]
[BlackCountry "ENG"]
[WhiteElo "1692"]
[WhiteRD "52"]
[BlackElo "1924"]
[BlackRD "73"]
[GameID "377420"]

1. f4 b6 2. Nf3 Bb7 3. Nc3 e6 4. e4 Nf6 5. d3 Be7 6. g3 O-O 7. Bg2 d5 8. O-O dxe4 9. dxe4 Bc5+ 10. Kh1 Nxe4
11. Nxe4 Bxe4 12. Bd2 Nc6 13. Re1 Bd5 14. Rc1 Bxa2 15. b3 Na5 16. Ra1 Bxb3 17. cxb3 Nc6 18. Qc2 f6 19. Be3 Bxe3 20. Rxe3 Nd4
21. Nxd4 Qxd4 22. Rae1 Rad8 23. Qxc7 Rd7 24. Qc3 Qxc3 25. Rxc3 Kf7 26. Bh3 Re8 27. Rce3 Rd6 28. Bf1 f5 29. Bc4 Kf6 30. Bb5 Re7
31. Re5 g6 32. Kg2 Rd2+ 33. Kh3 a5 34. Bc4 Rd6 35. R1e2 Rc6 36. Bb5 Rd6 37. Bc4 Rc6 38. Bb5 Rd6 39. Bc4=
1/2-1/2

[Event "Bird`s opening Beatdown?"]
[Site "SchemingMind.com"]
[Date "2015.03.30"]
[Round "-"]
[White "renegade"]
[Black "AlwaysInTears"]
[Result "1-0"]
[WhiteCountry "ENG"]
[BlackCountry "RSA"]
[WhiteElo "1924"]
[WhiteRD "73"]
[BlackElo "1838"]
[BlackRD "86"]
[GameID "377476"]

1. f4 e5 2. fxe5 d6 3. exd6 Bxd6 4. g3 h5 5. e4 h4 6. g4 h3 7. Qe2 Qh4+ 8. Kd1 Bxg4 9. Nf3 Qh5 10. Qb5+ Nd7
11. Qxh5 Bxh5 12. Be2 O-O-O 13. Ng5 Bg6 14. d3 Ngf6 15. Be3 Nh5 16. Nxh3 Nhf6 17. Nf4 Ne5 18. h3 Nc4 19. Nxg6 Nxe3+ 20. Kd2 fxg6
21. Kxe3 g5 22. Nc3 Rh4 23. Rag1 Bc5+ 24. Kd2 Bxg1 25. Rxg1 Nxe4+ 26. Nxe4 Rxe4 27. Rxg5 Re7 28. h4 c6 29. Bf3 Rf8 30. Be4 Rf2+
31. Kc3
1-0

[Event "Bird`s opening Beatdown?"]
[Site "SchemingMind.com"]
[Date "2015.03.30"]
[Round "-"]
[White "AlwaysInTears"]
[Black "renegade"]
[Result "0-1"]
[WhiteCountry "RSA"]
[BlackCountry "ENG"]
[WhiteElo "1838"]
[WhiteRD "86"]
[BlackElo "1924"]
[BlackRD "73"]
[GameID "377477"]

1. f4 b6 2. Nf3 Bb7 3. e3 e6 4. b3 f5 5. Bb2 Nf6 6. Be2 Nc6 7. O-O Bd6 8. c4 Qe7 9. d4 O-O-O 10. Nc3 Bb4
11. d5 exd5 12. cxd5 Qxe3+ 13. Kh1 Bxc3 14. Bxc3 Qxc3 15. Rc1 Qe3 16. dxc6 dxc6 17. Qc2 g6 18. h3 Rhe8 19. Rfe1 Qxf4 20. Bd3 Rxe1+
21. Rxe1 c5 22. Qe2 Re8 23. Qf2 Rxe1+ 24. Qxe1 Bxf3 25. Qe6+ Nd7 26. Ba6+ Kd8 27. Qg8+ Ke7 28. Qxh7+ Kf6 29. Qxd7 Qc1+ 30. Kh2 Qf4+
31. Kh1 Be4
0-1

[Event "Bird`s opening Beatdown?"]
[Site "SchemingMind.com"]
[Date "2015.03.30"]
[Round "-"]
[White "David Hartley"]
[Black "AlwaysInTears"]
[Result "0-1"]
[WhiteCountry "ENG"]
[BlackCountry "RSA"]
[WhiteElo "1811"]
[WhiteRD "61"]
[BlackElo "1886"]
[BlackRD "85"]
[GameID "377478"]

1. f4 e5 2. fxe5 d6 3. exd6 Bxd6 4. Nf3 g5 5. d3 g4 6. Nd4 Qh4+ 7. Kd2 Ne7 8. Qe1 g3 9. e3 Nbc6 10. c3 Bd7
11. Be2 Qg5 12. Nf3 Qg7 13. Kc2 O-O-O 14. h3 Nd5 15. e4 Ndb4+ 16. cxb4 Nxb4+ 17. Kd1 Ba4+ 18. b3 Qxa1 19. Nc3 Nxa2
0-1

[Event "Bird`s opening Beatdown?"]
[Site "SchemingMind.com"]
[Date "2015.03.30"]
[Round "-"]
[White "AlwaysInTears"]
[Black "David Hartley"]
[Result "1-0"]
[WhiteCountry "RSA"]
[BlackCountry "ENG"]
[WhiteElo "1839"]
[WhiteRD "85"]
[BlackElo "1795"]
[BlackRD "61"]
[GameID "377479"]

1. f4 f5 2. b3 Nf6 3. e3 e6 4. Bb2 d6 5. Nf3 Be7 6. Bd3 Nc6 7. c4 O-O 8. Nc3 e5 9. fxe5 dxe5 10. Bc2 e4
11. Ng5 Ne5 12. O-O Bd6 13. Nh3 Neg4 14. g3 Qe8 15. Nd5 Nxd5 16. cxd5 Qf7 17. Bxe4 Qh5 18. Bg2 Bd7 19. Qe2 Rac8 20. a4 c6
21. d3 cxd5 22. Bxd5+ Kh8 23. Nf4 Bxf4 24. Rxf4 Rce8 25. e4 fxe4 26. dxe4 b6 27. Raf1 Rxf4 28. Rxf4 h6 29. Bxg7+ Kxg7 30. h3 Nf6
31. Qxh5 Nxh5 32. Rf7+ Kg6 33. Rxd7 Nxg3 34. Bf7+
1-0

[Event "Bird`s opening Beatdown?"]
[Site "SchemingMind.com"]
[Date "2015.03.31"]
[Round "-"]
[White "AlwaysInTears"]
[Black "Scooter"]
[Result "0-1"]
[WhiteCountry "RSA"]
[BlackCountry "USA"]
[WhiteElo "1886"]
[WhiteRD "85"]
[BlackElo "1713"]
[BlackRD "44"]
[GameID "377481"]

1. f4 f5 2. e4 fxe4 3. d3 exd3 4. Bxd3 Nf6 5. Nf3 b6 6. Ne5 d6 7. Qf3 c6 8. Nxc6 Nxc6 9. Bb5 Bd7 10. Bxc6 Bxc6
11. Qxc6+ Nd7 12. Nc3 Rc8 13. Qb5 g6 14. Qd5 Bg7 15. Bd2 Rf8 16. O-O-O Nf6 17. Qd3 Ng4 18. Qf3 Ne5 19. Qe4 Nc4 20. Be1 Qc7
21. Bf2 Nxb2 22. Nd5 Qd7 23. Bd4 Nxd1 24. Rxd1 Bxd4 25. Rxd4 Rf7 26. a4 Qf5 27. Qe2 Rc5 28. c4 Qd7 29. Re4 Qb7 30. Kd1 Rxd5+
31. cxd5 Qxd5+ 32. Ke1 g5 33. g3 gxf4 34. gxf4 Rg7 35. Kf2 Qc5+ 36. Kf3 Qh5+
0-1

[Event "Bird`s opening Beatdown?"]
[Site "SchemingMind.com"]
[Date "2015.03.30"]
[Round "-"]
[White "kenneth m day"]
[Black "AlwaysInTears"]
[Result "1-0"]
[WhiteCountry "USA"]
[BlackCountry "RSA"]
[WhiteElo "1792"]
[WhiteRD "50"]
[BlackElo "1886"]
[BlackRD "85"]
[GameID "377482"]

1. f4 e5 2. e4 exf4 3. Nf3 Nf6 4. e5 Nh5 5. Be2 g5 6. d4 g4 7. O-O gxf3 8. Bxf3 Ng7 9. Bxf4 Be7 10. Nc3 Bg5
11. Qd2 Ne6 12. Bxg5 Nxg5 13. Bh5 O-O 14. h4 Ne6 15. Rf6 d5 16. Raf1 Nd7 17. Bxf7+ Kh8 18. Rh6 Rxf7 19. Rxf7 Nef8 20. Qd3 Qe8
21. Rhxh7+
1-0

[Event "Bird`s opening Beatdown?"]
[Site "SchemingMind.com"]
[Date "2015.03.30"]
[Round "-"]
[White "AlwaysInTears"]
[Black "kenneth m day"]
[Result "0-1"]
[WhiteCountry "RSA"]
[BlackCountry "USA"]
[WhiteElo "1839"]
[WhiteRD "85"]
[BlackElo "1733"]
[BlackRD "54"]
[GameID "377483"]

1. f4 e5 2. e4 exf4 3. Bc4 Nc6 4. Nf3 g5 5. h4 g4 6. Ng5 Ne5 7. Bb3 h6 8. d4 hxg5 9. dxe5 Ne7 10. Qxg4 Ng6
11. Bxf7+ Kxf7 12. Qf5+ Kg7 13. h5 Nh4 14. Rxh4 Be7 15. Qg6+ Kf8 16. Rh1 Qe8 17. Qf5+ Qf7 18. Nc3 d6 19. Qxf7+ Kxf7 20. exd6 Bxd6
21. Nb5 Be5 22. c3 Bg4 23. h6 Rh7 24. Nd4 Kg6 25. Nf3 Re8 26. Nxe5+ Rxe5 27. Kd2 Rxe4 28. Kc2 Re2+ 29. Kb3 Rxg2 30. Ka3 Rxh6
31. Rxh6+ Kxh6 32. b3 Be2
0-1

[Event "Bird`s opening Beatdown?"]
[Site "SchemingMind.com"]
[Date "2015.03.31"]
[Round "-"]
[White "renegade"]
[Black "Simon Green"]
[Result "1-0"]
[WhiteCountry "ENG"]
[BlackCountry "ENG"]
[WhiteElo "1881"]
[WhiteRD "78"]
[BlackElo "1606"]
[BlackRD "54"]
[GameID "377631"]

1. f4 e6 2. Nf3 d5 3. e3 Nf6 4. Ne5 Bd6 5. b3 Bxe5 6. fxe5 Nfd7 7. Bb2 O-O 8. Qg4 f5 9. Qg3 Nc6 10. Na3 b6
11. O-O-O a6 12. Be2 Ndxe5 13. Bxe5 Nxe5 14. Qxe5 c6 15. Nb1 b5 16. Nc3 Bd7 17. Bd3 c5 18. Be2 b4 19. Nb1 a5 20. a4 Ra7
21. g4 g6 22. Rhg1 Qf6 23. Qxf6 Rxf6 24. c4 Bc6 25. gxf5 exf5 26. cxd5 Bxd5 27. Bc4 Bxc4 28. bxc4 h5 29. d4 cxd4 30. exd4 Rd7
31. c5 Rc6 32. Kb2 Kf7 33. Kb3 Ke6 34. Rxg6+ Kd5 35. Rxc6 Kxc6 36. Kc4 Rd5 37. Nd2
1-0

[Event "Bird`s opening Beatdown?"]
[Site "SchemingMind.com"]
[Date "2015.04.01"]
[Round "-"]
[White "Simon Green"]
[Black "renegade"]
[Result "0-1"]
[WhiteCountry "ENG"]
[BlackCountry "ENG"]
[WhiteElo "1606"]
[WhiteRD "54"]
[BlackElo "1881"]
[BlackRD "78"]
[GameID "377632"]

1. f4 e5 2. fxe5 d6 3. Nf3 Bg4 4. e3 dxe5 5. Be2 Bd6 6. O-O Nh6 7. Nc3 Nc6 8. Qe1 O-O 9. Qg3 e4 10. Qh4 exf3
11. Qxd8 Raxd8 12. Bxf3 Na5 13. b3 c5 14. Nb5 Be5 15. Rb1 a6 16. Nc3 b5 17. h3 Bxf3 18. Rxf3 Bxc3 19. dxc3 Rd1+ 20. Kh2 Nc6
21. g3 Ne5 22. Rf2 Nhg4+
0-1

[Event "Bird`s opening Beatdown?"]
[Site "SchemingMind.com"]
[Date "2015.03.31"]
[Round "-"]
[White "David Hartley"]
[Black "Simon Green"]
[Result "0-1"]
[WhiteCountry "ENG"]
[BlackCountry "ENG"]
[WhiteElo "1822"]
[WhiteRD "63"]
[BlackElo "1606"]
[BlackRD "54"]
[GameID "377633"]

1. f4 e6 2. e4 d5 3. e5 c5 4. c3 g6 5. d4 c4 6. Nf3 Ne7 7. Be2 Nf5 8. O-O Be7 9. Nbd2 Ne3 10. Qe1 Nxf1
11. Nxf1 Nc6 12. N1d2 b5 13. a4 b4 14. b3 bxc3 15. Nf1 cxb3 16. Qxc3 Qb6 17. Bb5 Bd7 18. Qxb3 a6 19. Rb1 axb5 20. Qxb5 Qxb5
0-1

[Event "Bird`s opening Beatdown?"]
[Site "SchemingMind.com"]
[Date "2015.04.01"]
[Round "-"]
[White "Simon Green"]
[Black "David Hartley"]
[Result "1-0"]
[WhiteCountry "ENG"]
[BlackCountry "ENG"]
[WhiteElo "1606"]
[WhiteRD "54"]
[BlackElo "1822"]
[BlackRD "63"]
[GameID "377634"]

1. f4 d5 2. d4 f5 3. e3 Nf6 4. Bd3 e6 5. Nf3 Nc6 6. c3 Be7 7. O-O O-O 8. Qe1 b6 9. Nbd2 Bb7 10. Ne5 Nxe5
11. fxe5 Ne4 12. Nxe4 fxe4 13. Rxf8+ Qxf8 14. Be2 Bg5 15. Bd2 g6 16. Qg3 Bh6 17. Rf1 Qe7 18. Bg4 Rf8 19. Rxf8+ Bxf8 20. Be2 Qd7
21. Bg4 Bc8 22. h4 Qg7 23. Qh3 Qf7 24. h5 Bd7 25. Be1 Be7 26. hxg6 Qxg6 27. Bh4 Kf7 28. Bxe7 Kxe7 29. Qh4+ Kf8 30. Bh5 Qf5
31. Qd8+ Kg7 32. Qxd7+ Kh6 33. Bf7
1-0

[Event "Bird`s opening Beatdown?"]
[Site "SchemingMind.com"]
[Date "2015.03.31"]
[Round "-"]
[White "Scooter"]
[Black "Simon Green"]
[Result "0-1"]
[WhiteCountry "USA"]
[BlackCountry "ENG"]
[WhiteElo "1713"]
[WhiteRD "44"]
[BlackElo "1583"]
[BlackRD "53"]
[GameID "377637"]

1. f4 e6 2. e4 d5 3. exd5 exd5 4. Nf3 Bg4 5. Be2 Nf6 6. Nc3 Bd6 7. d3 O-O 8. Be3 Nc6 9. g3 Re8 10. Qd2 Bxf3
0-1

[Event "Bird`s opening Beatdown?"]
[Site "SchemingMind.com"]
[Date "2015.03.31"]
[Round "-"]
[White "Simon Green"]
[Black "Scooter"]
[Result "0-1"]
[WhiteCountry "ENG"]
[BlackCountry "USA"]
[WhiteElo "1583"]
[WhiteRD "53"]
[BlackElo "1713"]
[BlackRD "44"]
[GameID "377638"]

1. f4 f5 2. d4 Nf6 3. Nf3 b6 4. e3 Bb7 5. Bd3 e6 6. Nbd2 Nc6 7. O-O Qe7 8. c3 O-O-O 9. Ne5 Nxe5 10. fxe5 Ng4
11. Nf3 Bxf3 12. Qxf3 Kb8 13. h3 Nh6 14. Ba6 c6 15. c4 g5 16. e4 f4 17. c5 Kc7 18. d5 Qxc5+ 19. Rf2 exd5 20. exd5 Qxd5
21. Qxd5 cxd5 22. Rc2+ Kb8 23. Rd2 Bc5+ 24. Kf1 d4 25. a3 Nf5 26. b4 Be7 27. Bb2 d6 28. Bxd4 Nxd4 29. Rxd4 dxe5 30. Rc4 b5
31. Bxb5 Rc8 32. Rxc8+ Rxc8 33. Bd7 Rc7 34. Bf5 h6 35. Kf2 Kb7 36. Rd1 Kb6 37. Kf3 Rc3+ 38. Ke4 Bf6 39. Rd6+ Rc6 40. Rxc6+ Kxc6
41. a4 a6 42. Bg6 Be7 43. Be8+ Kb6 44. b5 axb5 45. Bxb5 Bd6 46. Kf5 Kc5 47. Kg6 e4 48. Kxh6 Be7
0-1

[Event "Bird`s opening Beatdown?"]
[Site "SchemingMind.com"]
[Date "2015.04.01"]
[Round "-"]
[White "kenneth m day"]
[Black "Simon Green"]
[Result "1-0"]
[WhiteCountry "USA"]
[BlackCountry "ENG"]
[WhiteElo "1792"]
[WhiteRD "50"]
[BlackElo "1583"]
[BlackRD "53"]
[GameID "377639"]

1. f4 e6 2. Nf3 d5 3. e3 Nf6 4. Nc3 c5 5. Ne5 Nc6 6. b3 Nxe5 7. fxe5 Nd7 8. Bb5 a6 9. Bxd7+ Bxd7 10. O-O Be7
11. Bb2 O-O 12. d4 cxd4 13. exd4 Qb6 14. Qg4 f5 15. exf6 Bxf6 16. Ne2 Bb5 17. Rae1 Qa5 18. a4 Bd7 19. Qg3 Rac8 20. c3 Qb6
21. Nc1 Bxa4 22. Ba3 Rf7 23. bxa4 Rxc3 24. Qd6 Qxd4+ 25. Kh1 Re7 26. Bb2 Qh4 27. Bxc3 Bxc3 28. Qd8+
1-0

[Event "Bird`s opening Beatdown?"]
[Site "SchemingMind.com"]
[Date "2015.04.01"]
[Round "-"]
[White "Simon Green"]
[Black "kenneth m day"]
[Result "0-1"]
[WhiteCountry "ENG"]
[BlackCountry "USA"]
[WhiteElo "1583"]
[WhiteRD "53"]
[BlackElo "1792"]
[BlackRD "50"]
[GameID "377640"]

1. f4 e5 2. fxe5 d6 3. Nf3 Nc6 4. e3 Bg4 5. Be2 dxe5 6. O-O Nf6 7. d3 Bd6 8. Nbd2 O-O 9. Qe1 Re8 10. h3 Bh5
11. Ng5 h6 12. Nge4 Bg6 13. Nxf6+ gxf6 14. e4 Nd4 15. Qh4 Nxe2+ 16. Kh2 Kg7 17. Nc4 Be7 18. Qxh6+ Kg8 19. Qe3 Nd4 20. c3 Nc2
0-1

[Event "Bird`s opening Beatdown?"]
[Site "SchemingMind.com"]
[Date "2015.03.31"]
[Round "-"]
[White "Simon Green"]
[Black "AlwaysInTears"]
[Result "0-1"]
[WhiteCountry "ENG"]
[BlackCountry "RSA"]
[WhiteElo "1583"]
[WhiteRD "53"]
[BlackElo "1886"]
[BlackRD "85"]
[GameID "377641"]

1. f4 e5 2. fxe5 d6 3. Nf3 Bg4 4. e4 dxe5 5. Be2 Nc6 6. O-O Bc5+ 7. Kh1 Nf6 8. d3 Qe7 9. Nc3 O-O-O 10. Qe1 h6
11. Nh4 Bxe2 12. Qxe2 Nd4 13. Qd2 g6 14. a3 c6 15. b4 Bb6 16. Ne2 Ne6 17. Bb2 Ng4 18. Nf3 Nf2+ 19. Rxf2 Bxf2 20. Bxe5 f6
21. Nc3 Bb6 22. Bg3 Nd4 23. Nxd4 Bxd4 24. Rf1 h5 25. Ne2 h4 26. Bf2 Bxf2 27. Rxf2 h3 28. g3 Qxe4+ 29. dxe4 Rxd2 30. Kg1 Rhd8
31. Nf4 Rxf2 32. Kxf2 Rd2+ 33. Kf3 Rxh2 34. Nxg6 Rxc2
0-1

[Event "Bird`s opening Beatdown?"]
[Site "SchemingMind.com"]
[Date "2015.03.31"]
[Round "-"]
[White "AlwaysInTears"]
[Black "Simon Green"]
[Result "1-0"]
[WhiteCountry "RSA"]
[BlackCountry "ENG"]
[WhiteElo "1886"]
[WhiteRD "85"]
[BlackElo "1583"]
[BlackRD "53"]
[GameID "377642"]

1. f4 e6 2. b3 d5 3. Nf3 f5 4. Bb2 Nf6 5. e3 Be7 6. c4 Nc6 7. Be2 O-O 8. O-O Ne4 9. d3 Nf6 10. Ne5 Nxe5
11. fxe5 Nd7 12. cxd5 Nc5 13. b4 Na6 14. d6 cxd6 15. a3 d5 16. Nd2 Bg5 17. Bd4 Bd7 18. Qb3 Rc8 19. Nf3 f4 20. Nxg5 Qxg5
21. e4 dxe4 22. dxe4 Nc7 23. b5 b6 24. a4 Qg6 25. Bf3 Qf7 26. Rac1 g5 27. Rc3 Rfd8 28. Rfc1 Qg6 29. Qd1 Ne8 30. Rxc8 Rxc8
31. Rxc8 Bxc8 32. Bh5 Qxe4 33. Bxe8 Qd5 34. Bc6 Qc4 35. h3 Kg7 36. Bf2 Qb4 37. h4 h6 38. hxg5 hxg5 39. Qh5 Qb1+ 40. Kh2 Qg6
41. Qxg6+ Kxg6 42. g4 fxg3+ 43. Kxg3 Kf5 44. Bd4 g4 45. Bc3 a6 46. Bd4
1-0